00256pab a2200085 454500008003600000100002600036245005500062650001900117773003400136180718b xxu||||| |||| 00| 0 eng d aBalakrishnan, Pulapre aRational expectations and price behaviour in India aPrices - India aEconomic and Political Weekly